000 00617nam a2200193 i 4500
001 C2-0221332
003 PPAK
005 20180728150913.0
008 991024s1998 my |||| ||||| | may d
040 _aPPAK
_beng
_cPPAK
_erda
245 0 0 _aDr. Mahathir Mohamad
264 1 _aAlor Setar, Kedah :
_bPerbadanan Perpustakaan Awam Kedah ,
_c1998
300 _a21 pages ;
_c30 cm
336 _2rdacontent
_atext
337 _2rdamedia
_aunmediated
338 _2rdacarrier
_avolume
500 _aTemubual antara Tuan Haji Ismail Saleh dengan Ustaz Haji Ibrahim Haji Mohamad ; Transkripsi ; PK 301/95
942 _ddc
_cB
999 _c142967
_d142967